| 000 | 00955nam a2200277 i 4500 | ||
|---|---|---|---|
| 001 | bg | ||
| 245 | 0 | 0 |
_aZarys metod chemii eksperymentalnej / _cRyszard Wojtaś [et al.]. |
| 250 | _a[Wyd. 6]. | ||
| 260 |
_aKielce : _bPŚ. Dział Wydawnictw, _c1996. |
||
| 300 |
_a329 s. : _brys., wykr. ; _c24 cm. |
||
| 490 | 1 |
_aSkrypty / Politechnika Świętokrzyska, _x0239-6386 ; _v281 |
|
| 504 | _aBibliogr. s. 320-321. | ||
| 521 | _aĆwiczenia laboratoryjne z chemii dla studentów I roku Wydz. Budownictwa Lądowego i Wydz. Mechanicznego. | ||
| 650 | 9 | _aChemia analityczna | |
| 650 | 9 | _aKorozja i erozja | |
| 650 | 9 |
_aMateriały budowlane _xchemia |
|
| 650 | 9 |
_aSmary _xchemia |
|
| 655 | _aPodręczniki akademickie | ||
| 700 | 1 | _aWOJTAŚ, Ryszard. | |
| 830 | 0 |
_aSkrypty (Politechnika Świętokrzyska) ; _v281 |
|
| 040 | _cBPK | ||
| 041 | 0 | _apl | |
| 080 | _a543:691+621.89+620.193](075.8) | ||
| 942 | _cKS | ||
| 008 | s pl f |000 0 pol | ||
| 999 |
_c24889 _d24889 |
||
| 856 |
_uhttp://koha.tu.koszalin.pl/cgi-bin/koha/opac-detail.pl?biblionumber=24889 _yKatalog online BPK |
||